000 00837nam a2200301Ia 4500
001 33154
003 IT-RoPAU
008 130308s9999 xx 000 0 und d
040 _aIT-RoPAU
040 _cIT-RoPAU
041 _aINGLESE
100 _aDoane Mary Ann
100 _gCodice Aut. SPICS: 14591
245 _aIdeology and the Practice of Sound Editing and Mixing
245 _bFilm Sound-Theory And Practice
250 _a1a ed.
260 _aN.Y.
260 _bColumbia University Press
260 _c1985 [1° Ed.:1985 - Ed.Ling.Originale:]
300 _a"8 p. (prefazione: no ; testo: 8 [pagine: 54-62])"
500 _aIdeologia e Pratica della Sonorizzazione
650 _aLINGUAGGIO CINEMATOGRAFICO
650 _eCodice materia Spics: 6804
942 _cBK
957 _71
999 _c51760
_d51760
999 _bSI
999 _g1